000 00272nam a22001217a 4500
008 180425b xxu||||| |||| 00| 0 eng d
041 _aeng
080 _a043.3
100 _a0
101 _aMBE-MTH
245 _aMbledhja e të hyrave publike
_cKlaiqi,K
942 _2udc
_cBK
999 _c45543
_d45543